Regions of Russia - Statistics

General Stats
  • This quiz has been taken 294 times
  • The average score is 2 of 9
Answer Stats
Region % Correct
Siberia
93%
Ural
43%
Volga
28%
Central Russia
14%
Northwestern Russia
10%
Southern Russia
8%
North Caucasian
7%
Russian Far East
6%
Kaliningrad Oblast
5%
No matching quizzes found
Score Distribution
Percent of People with Each Score
Percentile by Number Answered
Your Score History
You have not taken this quiz